<?xml version="1.0" encoding="UTF-8"?>
<record
    xmlns:xsi="http://www.w3.org/2001/XMLSchema-instance"
    xsi:schemaLocation="http://www.loc.gov/MARC21/slim http://www.loc.gov/standards/marcxml/schema/MARC21slim.xsd"
    xmlns="http://www.loc.gov/MARC21/slim">

  <leader>00862cam a22002531  4500</leader>
  <controlfield tag="001">sa 68015762 </controlfield>
  <controlfield tag="003">DLC</controlfield>
  <controlfield tag="005">20260227112646.0</controlfield>
  <controlfield tag="008">890717s1964    ii            000 0 sano </controlfield>
  <datafield tag="010" ind1=" " ind2=" ">
    <subfield code="a">sa 68015762 </subfield>
  </datafield>
  <datafield tag="035" ind1=" " ind2=" ">
    <subfield code="a">(OCoLC)20020547</subfield>
  </datafield>
  <datafield tag="040" ind1=" " ind2=" ">
    <subfield code="a">DLC</subfield>
    <subfield code="c">WaU</subfield>
    <subfield code="d">DLC</subfield>
  </datafield>
  <datafield tag="050" ind1="0" ind2="0">
    <subfield code="a">PK541</subfield>
    <subfield code="b">.N335 1964</subfield>
  </datafield>
  <datafield tag="100" ind1="0" ind2=" ">
    <subfield code="a">N&#x101;ge&#x15B;abha&#x1E6D;&#x1E6D;a,</subfield>
    <subfield code="d">active 1670-1750.</subfield>
  </datafield>
  <datafield tag="245" ind1="1" ind2="0">
    <subfield code="a">Paribh&#x101;&#x1E63;endu&#x15B;ekhara&#x1E25;.</subfield>
  </datafield>
  <datafield tag="260" ind1=" " ind2=" ">
    <subfield code="c">[1964]</subfield>
  </datafield>
  <datafield tag="300" ind1=" " ind2=" ">
    <subfield code="a">339 p.</subfield>
    <subfield code="c">25 cm.</subfield>
  </datafield>
  <datafield tag="500" ind1=" " ind2=" ">
    <subfield code="a">Cover title.</subfield>
  </datafield>
  <datafield tag="500" ind1=" " ind2=" ">
    <subfield code="a">Includes two commentaries, Bh&#x16B;ti, by Ramkrishna Shastri Patwardhan, and Tattvaprak&#x101;&#x15B;ik&#x101;, by Ga&#x1E47;apati&#x15B;&#x101;str&#x12B; Mok&#x101;te, the latter a commentary on the former.</subfield>
  </datafield>
  <datafield tag="500" ind1=" " ind2=" ">
    <subfield code="a">In Sanskrit.</subfield>
  </datafield>
  <datafield tag="650" ind1=" " ind2="0">
    <subfield code="a">Sanskrit language</subfield>
    <subfield code="x">Grammar.</subfield>
  </datafield>
  <datafield tag="700" ind1="1" ind2=" ">
    <subfield code="a">Patwardhan, Ramkrishna Shastri.</subfield>
    <subfield code="t">Bh&#x16B;ti.</subfield>
  </datafield>
  <datafield tag="700" ind1="1" ind2=" ">
    <subfield code="a">Mok&#x101;te, Ga&#x1E47;apati&#x15B;&#x101;str&#x12B;.</subfield>
    <subfield code="t">Tattvaprak&#x101;&#x15B;ik&#x101;.</subfield>
  </datafield>
  <datafield tag="999" ind1=" " ind2=" ">
    <subfield code="c">86666</subfield>
    <subfield code="d">86666</subfield>
  </datafield>
</record>
